000 00309nam a22001457a 4500
003 OSt
005 20160727222400.0
008 160623b xxu||||| |||| 00| 0 eng d
040 _cTest
100 _9668
_aPai, A,
245 _aTinkle
260 _aIndia Book House
_c1994
300 _aTinkle
942 _2ddc
_cBK
999 _c542
_d542